Music Quiz

Random Music or Album Quiz

Led Zeppelin: Album, Year and Song Matchup Quiz Stats

 Plays Quiz not verified by Sporcle

Support Sporcle.
Go Orange.
Score 0/9 Timer 05:00
0 Plays Today
% Correct
Led Zeppelin
96%
Led Zeppelin IV
94.4%
Led Zeppelin II
91.9%
Led Zeppelin III
90.4%
Houses Of The Holy
87.4%
Physical Graffiti
75.8%
Presence
73.2%
In Through The Out Door
70.7%
Coda
67.7%

You're not logged in!

Compare scores with friends on all Sporcle quizzes.
OR
Log In

From the Vault

Word Wheels VI

by hockeystix3

We like to keep a spare word wheel in the back.
Remove Ads.
Support Sporcle.
Get the best of Sporcle when you Go Orange. This ad-free experience offers more features, more stats, and more fun while also helping to support Sporcle. Thank you for becoming a member.

Show Comments

Extras

Top Quizzes Today


Score Distribution

Your Account Isn't Verified!

In order to create a playlist on Sporcle, you need to verify the email address you used during registration. Go to your Sporcle Settings to finish the process.

Report this User

Report this user for behavior that violates our Community Guidelines.

Details: